Les grandes dates de l’histoire de la France - Statistiques

Statistiques générales
  • Ce quiz a été pris 520 fois
    503 depuis la dernière actualisation
  • Le résultat moyen est 3 sur 15
Statistiques - réponses
Hint Réponse % Correct
14 juillet 1789 Prise de la Bastille
86%
11 novembres 1918 Armistice
60%
13 avril 1598 Édit de Nantes
36%
1 janvier 2002 Euro
32%
6 juin 1944 Débarquement Normandie
14%
21 janvier 1793 Éxécution Louis XVI
8%
18 septembre 1981 Abolition peine de mort
7%
18 mai 1804 Napoléon empereur
6%
18 mars 1962 Fin guerre Algérie
1%
6 mai 1968 Manifestations étudiantes
1%
20 juin 1789 serment de jeu de paume
1%
4 août 1914 Allemagne déclare guerre
0%
8 mai 1945 défaite Allemande
0%
19 mai 1802 légion d’honneur
0%
4 mai 1848 Proclamation republique
0%
Aucun quiz correspondant
Distribution des résultats
% des personnes avec chaque résultat
Percentile par nombre de réponses
Votre historique - résultats
Vous n’avez pas pris ce quiz depuis la dernière actualisation